000
00240 a2200085 4500
020
_a
9783330007109
100
_a
Pappal Suneja
245
_a
Literature Study & Technical Writing in Architecture
260
_b
LAP LAMBERT Academic Publishing
_c
2018
999
_c
13548
_d
13548